Internal Combustion Engine Fundamentals : (Record no. 606742)
[ view plain ]
| 000 -LEADER | |
|---|---|
| fixed length control field | 00335nam a22001217a 4500 |
| 082 ## - DEWEY DECIMAL CLASSIFICATION NUMBER | |
| Classification number | 621.43 |
| Author Mark | HEY |
| 100 ## - MAIN ENTRY--PERSONAL NAME | |
| Personal name | B.Heywood, John |
| 9 (RLIN) | 118506 |
| 245 ## - TITLE STATEMENT | |
| Title | Internal Combustion Engine Fundamentals : |
| Remainder of title | VOL 1/ |
| Statement of responsibility, etc. | John B. Heywood |
| 250 ## - EDITION STATEMENT | |
| Edition statement | Second Edition |
| 260 ## - PUBLICATION, DISTRIBUTION, ETC. | |
| Place of publication, distribution, etc. | New York : |
| Name of publisher, distributor, etc. | Mc Graw Hil ; |
| Date of publication, distribution, etc. | 2018. |
| 300 ## - PHYSICAL DESCRIPTION | |
| Extent | 600p. |
| 942 ## - ADDED ENTRY ELEMENTS (KOHA) | |
| Source of classification or shelving scheme | |
| Koha item type | Book |
| Withdrawn status | Lost status | Source of classification or shelving scheme | Damaged status | Not for loan | Permanent Location | Current Location | Shelving location | Date acquired | Total Checkouts | Full call number | Barcode | Date last seen | Price effective from | Koha item type | Date last checked out |
|---|---|---|---|---|---|---|---|---|---|---|---|---|---|---|---|
| School of Mechanical & Manufacturing Engineering (SMME) | School of Mechanical & Manufacturing Engineering (SMME) | General Stacks | 10/18/2023 | 621.43 HEY | SMME-4552 | 10/18/2023 | 10/18/2023 | Book | |||||||
| School of Mechanical & Manufacturing Engineering (SMME) | School of Mechanical & Manufacturing Engineering (SMME) | 10/18/2023 | 1 | 621.43 HEY | SMME-4553 | 01/08/2026 | 10/18/2023 | Book | 09/10/2025 | ||||||
| School of Mechanical & Manufacturing Engineering (SMME) | School of Mechanical & Manufacturing Engineering (SMME) | General Stacks | 10/18/2023 | 1 | 621.43 HEY | SMME-4554 | 03/04/2026 | 10/18/2023 | Book | 09/10/2025 |
